Directorio básico de archivos dominicanos. (Registro nro. 13831)
[ vista simple ]
| 000 -LIDER | |
|---|---|
| fixed length control field | 00768nam a2200241 a 4500 |
| 001 - NÚMERO DE CONTROL | |
| Identificador de número de control | |
| 003 - IDENTIFICACDOR DE NÚMERO DE CONTROL | |
| control field | DO-SdBNP |
| 005 - DATE AND TIME OF LATEST TRANSACTION | |
| control field | 20230206124115.0 |
| 008 - ELEMENTOS DE LONGITUD FIJA | |
| fixed length control field | 130708s2012 dr 000 0 spa d |
| 040 ## - FUENTE DE CATALOGACIÓN | |
| Agencia que crea de manera original el registro | DO-SdBNP |
| Idioma de catalogación | spa |
| Agencia que realiza la transcripción | BPMSU |
| 082 ## - NÚMERO DE CLASIFICACIÓN DECIMAL DE DEWEY | |
| Classification number | R027.07293 |
| Item number | D598d 2012 |
| Edition number | 22 |
| 245 10 - MENCIÓN DE TITULO | |
| Título | Directorio básico de archivos dominicanos. |
| 260 ## - PUBLICACIÓN, DISTRIBUCIÓN, ETC. (PIE DE IMPRENTA) | |
| Lugar de publicación, distribución, etc | Santo Domingo : |
| Nombre del editor, distribuidor, etc. | Archivo General de la Nación, |
| Fecha de publicación, distribución, etc | 2012. |
| 300 ## - DESCRIPCIÓN FÍSICA | |
| Extensión | 353 p. ; |
| Dimensiones | 23 cm. |
| 490 0# - MENCIÓN DE SERIES | |
| Mención de serie | Referencia |
| Volume/sequential designation | 3 |
| 590 ## - NOTA LOCAL | |
| Enlace | Inventariado, 2021/VM |
| 650 #4 - ENCABEZAMIENTO DE MATERIA--TEMÁTICO | |
| Término temático o nombre geográfico como elemento de entrada | Archivos |
| Subdivisión geográfica | República Dominicana |
| Subdivisión de forma | Directorios |
| 651 #4 - ENCABEZAMIENTO DE MATERIA--NOMBRE GEOGRÁFICO | |
| Nombre geográfico | República Dominicana |
| Subdivisión temática general | Recursos de archivo |
| Subdivisión de forma | Directorios. |
| 710 2# - ASIENTO SECUNDARIO -- NOMBRE CORPORATIVO | |
| Nombre corporativo o de jurisdicción | Archivo General de la Nación (República Dominicana) |
| 830 #0 - ASIENTO SECUNDARIO DE SERIE--TÍTULO UNIFORME | |
| Título uniforme | Referencia |
| Volume number/sequential designation | 3 |
| 910 ## - VALIDACIÓN | |
| Validación | VMateo V. |
| 942 ## - ADDED ENTRY ELEMENTS (KOHA) | |
| Source of classification or shelving scheme | Dewey Decimal Classification |
| Koha item type | Libros |
| Withdrawn status | Lost status | Source of classification or shelving scheme | Damaged status | Not for loan | Collection code | Home library | Current library | Date acquired | Source of acquisition | Full call number | Barcode | Date last seen | Price effective from | Koha item type | Copy number |
|---|---|---|---|---|---|---|---|---|---|---|---|---|---|---|---|
| Dewey Decimal Classification | Colección de Referencia Dominicana | Biblioteca Pública Metropolitana Salomé Ureña | Biblioteca Pública Metropolitana Salomé Ureña | 11/04/2021 | AGN | BPMSU CDR R027.07293 D598d 2012 | BPMSU21110018 | 11/04/2021 | 11/04/2021 | Libros | |||||
| Dewey Decimal Classification | Colección de Referencia Dominicana | Biblioteca Pública Metropolitana Salomé Ureña | Biblioteca Pública Metropolitana Salomé Ureña | 11/04/2021 | AGN | BPMSU CDR R027.07293 D598d 2012 | BPMSU21110019 | 11/04/2021 | 11/04/2021 | Libros | e.2 |